The Korean economy : (Record no. 6628)

MARC details
000 -LEADER
fixed length control field 01311cam a2200289 4500
001 - CONTROL NUMBER
control field 7726
005 - DATE AND TIME OF LATEST TRANSACTION
control field 20181127184224.0
008 - FIXED-LENGTH DATA ELEMENTS--GENERAL INFORMATION
fixed length control field 040401s2004 enka b 001 0 eng
010 ## - LIBRARY OF CONGRESS CONTROL NUMBER
LC control number 2004047122
020 ## - INTERNATIONAL STANDARD BOOK NUMBER
International Standard Book Number 1843762447
082 00 - DEWEY DECIMAL CLASSIFICATION NUMBER
Classification number 330.95195
Edition number 22
100 ## - MAIN ENTRY--PERSONAL NAME
Personal name Harvie, Charles
Numeration
Titles and words associated with a name
Dates associated with a name
Relator term editor
Fuller form of name
245 04 - TITLE STATEMENT
Title The Korean economy :
Remainder of title post-crisis policies, issues and prospects /
Statement of responsibility, etc. edited by Charles Harvie, Hyun-Hoon Lee, Junggun Oh.
260 ## - PUBLICATION, DISTRIBUTION, ETC.
Place of publication, distribution, etc. Cheltenham, UK ;
-- Northhampton, MA :
Name of publisher, distributor, etc. Edward Elgar,
Date of publication, distribution, etc. c2004.
300 ## - PHYSICAL DESCRIPTION
Extent xii, 324 p. :
Other physical details ill. ;
Dimensions 24 cm.
504 ## - BIBLIOGRAPHY, ETC. NOTE
Bibliography, etc. note Includes bibliographical references and index.
505 ## - FORMATTED CONTENTS NOTE
Formatted contents note Introduction -- Reform and policies -- Other issues -- Prospects
Miscellaneous information
Statement of responsibility
Title
520 ## - SUMMARY, ETC.
Summary, etc. Korea has played, and will increasingly play, an important role in the future development of the South East Asian region, including the expansion of regional economic cooperation and interregional trade.
650 #0 - SUBJECT ADDED ENTRY--TOPICAL TERM
Topical term or geographic name entry element Economic stabilization
Geographic subdivision Korea (South)
651 #0 - SUBJECT ADDED ENTRY--GEOGRAPHIC NAME
Geographic name Korea (South)
General subdivision Economic conditions
Chronological subdivision 1960-1988.
Geographic name Korea (South)
General subdivision Economic conditions
Chronological subdivision 1988-
Geographic name Korea (South)
General subdivision Economic policy
Chronological subdivision 1960-1988.
Geographic name Korea (South)
General subdivision Economic policy
Chronological subdivision 1988-
700 1# - ADDED ENTRY--PERSONAL NAME
Personal name Harvie, Charles,
Dates associated with a name 1954-
Personal name Oh, Junggun.
Personal name Yi, Hyon-hun,
Dates associated with a name 1959-
Holdings
Withdrawn status Lost status Source of classification or shelving scheme Damaged status Not for loan Collection code Home library Current library Shelving location Date acquired Serial Enumeration / chronology Inventory number Total Checkouts Full call number Barcode Date last seen Date last checked out Price effective from Koha item type
    Dewey Decimal Classification     Main TEST RTC Library RTC Library Main opac 03/12/2021 11674 1 330.95 HAR 30011653 05/08/2022 03/12/2021 27/11/2018 Main
Royal Thimphu College || All Right Reserved